MDQL
is popping MORE tags! Check the
thread
!
Quizzes
Events
Quiz Creation
Community
Videos
Private Events
Remove Ads
Sign In
Join for FREE
Feedback
Dark Mode
Quiz Categories
Sports
Geography
Music
Movies
Television
Just For Fun
Miscellaneous
History
Literature
Language
Science
Gaming
Entertainment
Religion
Holiday
For Kids
Quiz Lab
Recent
Popular Today
Quiz Kudos Today
Editor Picks
Curator Picks
Quizzes by...
Day
Popularity
Type
Ratings
Length
Year
Community
Subscriptions
Recent Discussions
Orange Saloon
Badges
Playlists
Quests
Create
Leaderboards
Showdown
Live 5
Trivia Bingo
Activity
Puzzle Library
Sporcle Events
Private Events
Virtual Trivia
Globe League
Become a Host
Pub Owners
SporcleCon
Opinionation
Our Games
Videos
Blog
Mobile Apps
Partnerships
Remove Ads and Go Orange
Feedback
Television
TV Characters
TV Show
Sitcom
Network
Friends
Reality Shows
Cast
South Park
Star Trek
The Simpsons
Doctor Who
Television
TV Characters
TV Show
Sitcom
Network
Friends
Reality Shows
Cast
South Park
Star Trek
The Simpsons
Doctor Who
Random Quiz
Search Sporcle
×
Quiz Lab
Quiz Lab
Television
Song
Type in answers that appear in a list
Type in answers that appear in a list
Classic
Best Score? Go Orange.
Dukes Of Hazard Theme Song Stats
Can you name the Dukes Of Hazard Theme Song?
By
patrickstar
11m
82 Questions
295 Plays
295 Plays
295 Plays
Comments
Comments
Give Quiz Kudos
Give Quiz Kudos
-
- Ratings
hide this ad
Replay
Link that replays current quiz
Next Quiz
Link to next quiz in quiz playlist
You Got
0%
They Got
Avg Score
69%
Avg Friend Score
Upgrade to see
Score Distribution
Jump to the score distribution portion of the page
Score
0/82
Timer
11:00
0
Plays Today
Just the good ol boys
% Correct
the
96.3%
the
96.3%
the
96.3%
the
96.3%
the
96.3%
the
96.3%
the
96.3%
the
96.3%
a
96.3%
the
96.3%
the
96.3%
the
96.3%
a
96.3%
harm
94.9%
no
93.6%
never
93.2%
never
93.2%
meanin
90.8%
just
90.2%
just
90.2%
just
90.2%
good
89.5%
boys
89.5%
good
89.5%
boys
89.5%
ol
88.8%
ol
88.8%
law
86.4%
Just the good ol boys
% Correct
law
86.4%
law
86.4%
they
85.1%
they
85.1%
they
85.1%
day
81.7%
day
81.7%
born
78.3%
trouble
75.3%
since
74.6%
were
74.2%
with
73.9%
in
73.6%
been
69.5%
all
69.2%
way
65.4%
way
65.4%
makin
61.7%
only
61%
saw
60.7%
their
60.3%
you
60%
will
60%
know
60%
will
60%
how
59.7%
ever
59%
beats
55.9%
Just the good ol boys
% Correct
but
53.9%
little
52.5%
thats
51.2%
get
50.8%
curve
50.5%
more
50.5%
hills
50.2%
mountain
49.5%
allow
49.5%
than
49.2%
bit
48.1%
might
47.8%
modern
47.5%
em
44.7%
like
44.4%
robin hood
43.4%
fightin
42.7%
system
41.4%
someday
40.3%
if
36.3%
could
35.3%
change
33.9%
wouldnt
32.9%
true
29.2%
flatnin
24.7%
straightnin
24.1%
Quiz Playlist
Details
Report
Send in Message
Add To Playlist
Classic:
Type in answers that appear in a list
Last Updated: Feb 16, 2017
Quiz Scoreboard
CHALLENGE
Sign Up to Join the Scoreboard
Show All
Scores
Hide
Comments
May contain spoilers
Recently Published
Find the 'City' Movie
by crazypaving
Movies
60s
5x2 Blitz: Bands
by SL_Kpop136
Music
30s
Colored Red Africa Blitz
by spor1
Geography
30s
More to Explore
Quiz From the Vault
Featured Blog Post
14 Easter Pick-up Lines to Find Eggs With
hide this ad
You Might Also Like...
Tags
Song Quiz
Boy
duke
Hazard
theme
Theme Songs
Today's Top Quizzes in Television
Browse Television
hide this ad
Today's Top Quizzes in Song
Browse Song
Top Contributed Quizzes in Television
1
Survivor Journey Challenge
2
Survivor Logic Puzzle: Heroes vs. Villains
3
One Tree Hill Logic Puzzle
4
Phoebe Buffay Quotes
5
Game of Thrones: Tywin Lannister Start to Finish
6
Brooklyn Nine Nine Logic Puzzle (How-To-Play)
7
A Series of Unfortunate Events: Netflix Character Chain
8
All US Survivor Seasons in Order
9
Survivor: Criteria Castaways
10
A Series of Unfortunate Events: S3 Character Chain
Explore More
Trending Topics
Anime
Kpop
Crossword
Harry Potter
Marvel
NBA
Disney
Country
Puzzle
WWE
Pokémon
NFL
Soccer
The Office
Song
hide this ad
More By:
patrickstar
Quiz
Plays
Rating
Category
Featured
Created
Dukes Of Hazard Theme Song
295
1.00
Television
Dec 11, 2011
Go to Creator's Profile
Score Distribution
Quiz Creator Spotlight
patrickstar
Follow
Send a Message
Quizzes Created
-
Created Quiz Play Count
-
More By This Creator
Popular Quizzes Today
1
5x2 Blitz: Bands
2
Find the 'City' Movie
3
Colored Red Africa Blitz
4
Find the US States - No Outlines Minefield
5
The Countries of the World
6
Find the US States
7
9x9 Crossword: Cartoon Network
8
US States
More Television Quizzes
Game Show Host Match-Up
Editor's Pick
Trending Quizzes
Colored Red Africa Blitz II
Colored Red Europe Blitz I
Christmas Pick: Judaism
Colored Red Africa Blitz III
Colored Red Europe Blitz II
Recently Updated
Champions League XIs: Real Madrid
pecheneg
Largest US Cities 1790-2010
pecheneg
Rides in Walt Disney World
pecheneg
Most Oscar Losses (Acting)
pecheneg
Beyoncé Albums
pecheneg
Leaping Animals
pecheneg
Reality TV Shows (A-Z)
bhenderson79
Rickey Henderson's Hall of Fame Teammates
pecheneg
Champions League XIs: Arsenal
pecheneg
Quick Pick: Celebrities in WWE's Hall of Fame
aduchscher
Trending Topics
NBA
Kpop
Harry Potter
Anime
Disney
Crossword
Marvel
Puzzle
Country
Soccer
Song
Pokémon
The Office
NFL
WWE
Your Account Isn't Verified!
In order to create a playlist on Sporcle, you need to verify the email address you used during registration. Go to your
Sporcle Settings
to finish the process.
Report this User
Report this user for behavior that violates our
Community Guidelines
.
Details:
Send Report
Go to the Sporcle.com Mobile Site →
Comments